| Поле | Инд. | ПП | Название | Значение |
|---|---|---|---|---|
| Тип записи | a | |||
| Библиографический уровень | b | |||
| 001 | Контрольный номер | 300310b94bdd41ffba5142cb27a11d57 | ||
| 005 | Дата корректировки | 20260630145527.1 | ||
| 024 | 80 | a | Стандартный номер | 10.1134/S0036023625604209 |
| 040 | a | Служба первич. каталог. | Scopus | |
| 041 | 0_ | a | Код языка текста | eng |
| 097 | a | Костяева О.Г. | ||
| 100 | 1_ | a | Автор | Mukhina I. V. |
| j | Принадлежность неизвестного автора к последователям, ученикам, сторонникам, школе и т. д. | государственный университет "Дубна" | ||
| q | Полное имя | Мухина Ирина Владимировна | ||
| c | Титул (звания) | старший преподаватель | ||
| k | Кафедра химии, новых технологий и материалов; Факультет естественных и инженерных наук | |||
| i | 000090995 | |||
| u | Дополнение | Мухина И. В. | ||
| 100 | 1_ | a | Автор | Novikova S. A. |
| i | 100089243 | |||
| j | Принадлежность неизвестного автора к последователям, ученикам, сторонникам, школе и т. д. | государственный университет "Дубна" | ||
| k | Кафедра химии, новых технологий и материалов; Факультет естественных и инженерных наук | |||
| q | Полное имя | Новикова Сагила Аладдиновна | ||
| u | Дополнение | Ибрагимова С. А.; Ибрагимова Сагила Аладдиновна | ||
| c | Титул (звания) | старший преподаватель ио ст.лаборанта химанализа | ||
| 100 | 1_ | a | Автор | Gribova E. D. |
| c | Титул (звания) | доцент (ученое звание); кандидат химических наук; доцент (должность); | ||
| i | 000090814 | |||
| g | Прочие сведения | Scopus Author ID: 57202955390 (https://www.scopus.com/authid/detail.uri?authorId=57202955390) | ||
| j | Принадлежность неизвестного автора к последователям, ученикам, сторонникам, школе и т. д. | государственный университет "Дубна" | ||
| k | Кафедра химии, новых технологий и материалов; Кафедра экологии и наук о земле; Факультет естественных и инженерных наук | |||
| q | Полное имя | Грибова Елена Дмитриевна | ||
| u | Дополнение | Грибова Е. Д. | ||
| 245 | 10 | a | Заглавие | Comparative Analysis of the Properties of CsPbI3 Perovskite Quantum Dots Synthesized by the Hot-Injection and Halide-Exchange Methods |
| 513 | a | отобрано | ||
| 773 | 18 | t | Название источника | Russian Journal of Inorganic Chemistry |
| b | Сведения об издании | Pleiades Publishing, Ltd. | ||
| c | Russia | |||
| x | ISSN | 0036-0236 | ||
| g | Прочая информация | V. 71. - P. 495–503 | ||
| d | Место и дата издания | 2026 | ||
| m | Специф. данные | входит в Белый список; входит в Scopus; входит в WoS; входит в ядро РИНЦ; ненулевой импакт-фактор | ||
| q | У2 Белый список; Q3 Scopus 2025 | |||
| w | Контрольный № источника | fe895f2059cb45d7937a8f7c1aa42b22 | ||
| n | Примечание | Журнал неорганической химии | ||
| o | Прочие индексы | scopus 0.3 | ||
| 901 | t | Тип документа | b | |
| 952 | c | Вид литературы | статья в журнале |